Formulation and analytical development for low- dose oral drug products (Record no. 7841)

MARC details
000 -LEADER
fixed length control field 00410nam a22001457a 4500
003 - CONTROL NUMBER IDENTIFIER
control field NG-AbAUS
008 - FIXED-LENGTH DATA ELEMENTS--GENERAL INFORMATION
fixed length control field 160815b xxu||||| |||| 00| 0 eng d
020 ## - INTERNATIONAL STANDARD BOOK NUMBER
International Standard Book Number 9780470056097
082 ## - DEWEY DECIMAL CLASSIFICATION NUMBER
Classification number 616.150 Z615
100 ## - MAIN ENTRY--PERSONAL NAME
Personal name Zheng Jack
9 (RLIN) 821
245 ## - TITLE STATEMENT
Title Formulation and analytical development for low- dose oral drug products
260 ## - PUBLICATION, DISTRIBUTION, ETC. (IMPRINT)
Place of publication, distribution, etc New York
Name of publisher, distributor, etc John Wiley & sons
Date of publication, distribution, etc 2009
300 ## - PHYSICAL DESCRIPTION
Extent 461
Other physical details Index
942 ## - ADDED ENTRY ELEMENTS (KOHA)
Source of classification or shelving scheme Dewey Decimal Classification
Item type Book

No items available.